[Event "FRA-chT"]
[Site "FRA"]
[Date "1996.??.??"]
[Round "?"]
[White "Leroy, Didier"]
[Black "Nuvolini, Dominique"]
[Result "1-0"]
[WhiteElo "2200"]
[BlackElo "2210"]
[PlyCount "85"]
[EventDate "1996.??.??"]
[Source "ChessBase"]

1. d4 d5 2. c4 c6 3. Nc3 Nf6 4. cxd5 cxd5 5. Bf4 Nc6 6. Nf3 Bg4 7. h3 Bxf3 8.
gxf3 Qb6 9. Qd2 Qxd4 10. Qxd4 Nxd4 11. O-O-O Nc6 12. Nxd5 Nxd5 13. Rxd5 e6 14.
Rd1 Be7 15. e3 a6 16. Rg1 g6 17. Be2 Rd8 18. Kb1 e5 19. Bg3 O-O 20. f4 Bd6 21.
f5 Kh8 22. Bf3 f6 23. fxg6 hxg6 24. h4 Kg7 25. Be4 Bb8 26. Rxd8 Nxd8 27. Bxg6
Kxg6 28. Bxe5+ Kh5 29. Bxb8 Kxh4 30. Rg7 Rf7 31. Rxf7 Nxf7 32. Kc2 Kg4 33. f4
Kf5 34. Kd3 Ke6 35. e4 f5 36. exf5+ Kxf5 37. Kd4 Ke6 38. Kc5 Nd8 39. Bc7 Nc6
40. Kb6 Kd7 41. Kxb7 a5 42. Be5 a4 43. a3 1-0

[Event "FRA-chT"]
[Site "FRA"]
[Date "1996.??.??"]
[Round "?"]
[White "Letreguilly, Olivier"]
[Black "Lefebvre, Herve"]
[Result "1-0"]
[WhiteElo "2265"]
[BlackElo "2105"]
[PlyCount "71"]
[EventDate "1996.??.??"]
[Source "ChessBase"]

1. d4 Nf6 2. Bg5 g6 3. Bxf6 exf6 4. e3 Bg7 5. Ne2 d5 6. Nd2 f5 7. g3 Nd7 8. Bg2
Nf6 9. Nf4 O-O 10. O-O Ne4 11. c4 c6 12. cxd5 cxd5 13. Nf3 b6 14. Re1 Bb7 15.
Qa4 Qd6 16. Rac1 a6 17. Bf1 Rfc8 18. Nd3 Rc4 19. Rxc4 dxc4 20. Qxc4 Nxg3 21.
hxg3 Bxf3 22. Bg2 Be4 23. Rc1 b5 24. Qc5 Bf8 25. Qxd6 Bxd6 26. Nc5 Bxc5 27.
Rxc5 Bxg2 28. Kxg2 Re8 29. Kf3 Kf8 30. Ke2 Re6 31. Kd3 Ke7 32. Rc7+ Ke8 33. d5
Rd6 34. Kd4 h5 35. Ke5 Rb6 36. b4 1-0

[Event "FRA-chT"]
[Site "FRA"]
[Date "1996.??.??"]
[Round "?"]
[White "Letreguilly, Olivier"]
[Black "Relange, Eloi"]
[Result "0-1"]
[WhiteElo "2265"]
[BlackElo "2450"]
[PlyCount "56"]
[EventDate "1996.??.??"]
[Source "ChessBase"]

1. d4 Nf6 2. Bg5 Ne4 3. Bh4 d5 4. f3 Nf6 5. Nc3 c5 6. e4 dxe4 7. dxc5 Qa5 8.
Qd2 e3 9. Qd4 Nc6 10. Bb5 Qxb5 11. Nxb5 Nxd4 12. Nxd4 Bd7 13. Nge2 e5 14. Nb3
a5 15. Bg3 a4 16. Nbc1 e4 17. fxe4 Nxe4 18. Nd3 Nxc5 19. O-O Nxd3 20. cxd3 Bg4
21. Rf4 f5 22. Nc3 g5 23. Rxg4 fxg4 24. Nd5 Rd8 25. Nc7+ Kd7 26. Be5 Rg8 27.
Rf1 Bd6 28. d4 Bxe5 0-1

[Event "FRA-chT"]
[Site "FRA"]
[Date "1996.??.??"]
[Round "?"]
[White "Levacic, Damir"]
[Black "Szylar, Eric"]
[Result "1/2-1/2"]
[WhiteElo "2300"]
[BlackElo "2160"]
[PlyCount "44"]
[EventDate "1996.??.??"]
[Source "ChessBase"]

1. d4 Nf6 2. Nf3 g6 3. Bf4 Bg7 4. e3 O-O 5. Be2 c5 6. Nbd2 d5 7. c3 Qb6 8. Qb3
Qxb3 9. axb3 cxd4 10. exd4 Bf5 11. b4 a6 12. b5 a5 13. Bc7 Nbd7 14. Rxa5 Rxa5
15. Bxa5 Ra8 16. Bb4 Ra1+ 17. Bd1 Bd3 18. Ba3 Ne4 19. Nxe4 dxe4 20. Nd2 Bc2 21.
Ke2 Bd3+ 22. Ke1 Bc2 1/2-1/2

[Event "FRA-chT"]
[Site "FRA"]
[Date "1996.??.??"]
[Round "?"]
[White "Lobstein, Antoine"]
[Black "Levacic, Damir"]
[Result "1/2-1/2"]
[WhiteElo "2190"]
[BlackElo "2300"]
[PlyCount "119"]
[EventDate "1996.??.??"]
[Source "ChessBase"]

1. e4 c5 2. Nf3 Nc6 3. d4 cxd4 4. Nxd4 Nf6 5. Nc3 d6 6. Be2 g6 7. O-O Bg7 8.
Be3 O-O 9. h3 d5 10. exd5 Nb4 11. d6 Qxd6 12. Ndb5 Qxd1 13. Raxd1 Bf5 14. a3
Nc6 15. Rd2 a6 16. Nd4 Nxd4 17. Bxd4 Rad8 18. Rfd1 Bh6 19. Be3 Rxd2 20. Rxd2
Bxe3 21. fxe3 Ne4 22. Nxe4 Bxe4 23. c4 Rc8 24. b4 Kf8 25. Rd4 Bc6 26. b5 axb5
27. cxb5 Be8 28. a4 e5 29. Rc4 Rxc4 30. Bxc4 Ke7 31. Bd5 b6 32. Kf2 Kd6 33. Bb3
f6 34. Kf3 Bd7 35. h4 h6 36. g3 Bc8 37. Bc2 Bf5 38. Bb3 Kc5 39. e4 Bc8 40. Ke3
Bg4 41. Kd3 Kb4 42. Bc2 f5 43. Ke3 Bh3 44. h5 f4+ 45. gxf4 exf4+ 46. Kxf4 gxh5
47. Ke5 h4 48. Kd6 Bg2 49. e5 h3 50. e6 h2 51. e7 h1=Q 52. e8=Q Qc1 53. Qe2
Qf4+ 54. Ke7 Qc7+ 55. Kf6 Qf4+ 56. Ke7 Qg5+ 57. Ke8 Qg8+ 58. Ke7 Qg7+ 59. Ke8
Qg8+ 60. Ke7 1/2-1/2

[Event "FRA-chT"]
[Site "FRA"]
[Date "1996.??.??"]
[Round "?"]
[White "Lopez, Jorge"]
[Black "Andreenko, Pierre"]
[Result "1/2-1/2"]
[WhiteElo "2205"]
[BlackElo "2180"]
[PlyCount "45"]
[EventDate "1996.??.??"]
[Source "ChessBase"]

1. d4 Nf6 2. Nf3 g6 3. Bg5 Bg7 4. Nbd2 d5 5. e3 O-O 6. Bd3 Re8 7. O-O Nbd7 8.
c3 h6 9. Bh4 e5 10. dxe5 Nxe5 11. Nxe5 Rxe5 12. h3 b6 13. a4 a6 14. Qc2 Bb7 15.
Rfd1 Qc8 16. c4 Rh5 17. Bg3 dxc4 18. Bxc4 Bxg2 19. Kxg2 Qxh3+ 20. Kf3 Qg4+ 21.
Kg2 Qh3+ 22. Kf3 Qg4+ 23. Kg2 1/2-1/2

[Event "FRA-chT"]
[Site "FRA"]
[Date "1996.??.??"]
[Round "?"]
[White "Lopez, Jorge"]
[Black "Levacic, Damir"]
[Result "1-0"]
[WhiteElo "2205"]
[BlackElo "2300"]
[PlyCount "101"]
[EventDate "1996.??.??"]
[Source "ChessBase"]

1. d4 Nf6 2. Nf3 e6 3. c4 Bb4+ 4. Bd2 a5 5. a3 Bxd2+ 6. Qxd2 d6 7. e3 Qe7 8.
Nc3 O-O 9. Be2 e5 10. Qc2 Re8 11. O-O e4 12. Nd2 c5 13. dxc5 dxc5 14. Nd5 Nxd5
15. cxd5 Nd7 16. Bb5 b6 17. Nc4 Rb8 18. Rfd1 Rd8 19. Qc3 Kf8 20. Rd2 Qf6 21.
Rad1 h5 22. Qc2 Qe7 23. f4 exf3 24. Qh7 Nf6 25. Qh8+ Ng8 26. gxf3 h4 27. Qh5 h3
28. e4 f6 29. d6 Qf7 30. Qxf7+ Kxf7 31. d7 Bb7 32. Nxb6 Ke7 33. Rd6 Nh6 34. Bc4
f5 35. Na4 fxe4 36. fxe4 Ng4 37. Nxc5 Ne3 38. Re6+ Kf7 39. Re8+ Nxc4 40. Rf1+
Kg6 41. Rff8 Rxd7 42. Rxb8 Rd1+ 43. Rf1 Rxf1+ 44. Kxf1 Bc6 45. Kf2 Kg5 46. Kg3
Nd2 47. Kxh3 Kf4 48. Kg2 Ke3 49. b4 Kd4 50. Rd8+ Kc3 51. bxa5 1-0

[Event "FRA-chT"]
[Site "FRA"]
[Date "1996.??.??"]
[Round "?"]
[White "Lopez, Jorge"]
[Black "Relange, Eloi"]
[Result "1/2-1/2"]
[WhiteElo "2205"]
[BlackElo "2450"]
[PlyCount "41"]
[EventDate "1996.??.??"]
[Source "ChessBase"]

1. d4 Nf6 2. c4 g6 3. Nc3 Bg7 4. Nf3 O-O 5. g3 d6 6. Bg2 Nbd7 7. O-O e5 8. e4
exd4 9. Nxd4 Re8 10. h3 Nc5 11. Re1 h6 12. Qc2 Nfxe4 13. Nxe4 Bxd4 14. Bxh6
Nxe4 15. Rxe4 Bf5 16. Rxe8+ Qxe8 17. Qd2 Qe5 18. Re1 Qh8 19. Re7 Be6 20. Rxc7
Bxb2 21. Be3 1/2-1/2

[Event "FRA-chT"]
[Site "FRA"]
[Date "1996.??.??"]
[Round "?"]
[White "Magnier, Herve"]
[Black "Vincent, Patrick"]
[Result "0-1"]
[WhiteElo "2195"]
[BlackElo "2225"]
[PlyCount "96"]
[EventDate "1996.??.??"]
[Source "ChessBase"]

1. d4 d5 2. Nf3 Nf6 3. c4 e6 4. Nc3 c5 5. cxd5 Nxd5 6. e4 Nxc3 7. bxc3 cxd4 8.
cxd4 Nc6 9. Be2 Bb4+ 10. Bd2 Qa5 11. Bxb4 Qxb4+ 12. Qd2 Ke7 13. Qxb4+ Nxb4 14.
Kd2 Rd8 15. Rhc1 Nc6 16. Ke3 f5 17. exf5 exf5 18. Rab1 Kf6 19. Rc5 g5 20. d5
Ne7 21. Kd4 b6 22. Rcb5 Bd7 23. R5b2 Nxd5 24. Bc4 Nf4 25. Kc3 Rac8 26. Kb3 b5
27. Bf1 a5 28. Rd2 g4 29. Nd4 b4 30. Rbd1 Be8 31. g3 Nd5 32. Nc2 Bf7 33. Kb2
Rc5 34. Bg2 Rdc8 35. Nd4 Nc3 36. Re1 Nxa2 37. Nb3 Bxb3 38. Kxb3 Nc1+ 39. Kb2 a4
40. Rd6+ Kg7 41. Rd7+ Kh8 42. Bb7 a3+ 43. Ka1 Rc2 44. Bd5 Rxf2 45. Bc4 b3 46.
Ree7 Rxh2 47. Ra7 Rh1 48. Bf1 Nd3 0-1

[Event "FRA-chT"]
[Site "FRA"]
[Date "1996.??.??"]
[Round "?"]
[White "Mailfert, Jean Pierre"]
[Black "Hagege, Gerard"]
[Result "0-1"]
[WhiteElo "2140"]
[BlackElo "2175"]
[PlyCount "54"]
[EventDate "1996.??.??"]
[Source "ChessBase"]

1. c4 e5 2. Nc3 Nf6 3. Nf3 Nc6 4. e3 d5 5. cxd5 Nxd5 6. Bb5 Nxc3 7. bxc3 Bd6 8.
d4 exd4 9. cxd4 O-O 10. O-O Ne7 11. Bd3 c6 12. Qc2 h6 13. Ne5 Nd5 14. a3 c5 15.
Bb2 cxd4 16. Bxd4 Be6 17. Qb2 Nf6 18. Rfd1 Bd5 19. Bf5 Qe7 20. Nd7 Nxd7 21.
Bxd7 Qxd7 22. Bxg7 Rfd8 23. Bxh6 Qg4 24. Rxd5 Bxh2+ 25. Kxh2 Rxd5 26. Bf4 Rad8
27. g3 Qf3 0-1

[Event "FRA-chT"]
[Site "FRA"]
[Date "1996.??.??"]
[Round "?"]
[White "Mainville, Eric"]
[Black "Goldgewicht, Lionel"]
[Result "1/2-1/2"]
[WhiteElo "2245"]
[BlackElo "2340"]
[PlyCount "30"]
[EventDate "1996.??.??"]
[Source "ChessBase"]

1. d4 e6 2. Nf3 f5 3. g3 Nf6 4. Bg2 Be7 5. O-O O-O 6. c4 d6 7. Nc3 Qe8 8. Re1
Ne4 9. Qc2 Qg6 10. b3 Nxc3 11. Qxc3 Bf6 12. Bb2 Nd7 13. Qc2 e5 14. e4 f4 15. c5
fxg3 1/2-1/2

[Event "FRA-chT"]
[Site "FRA"]
[Date "1996.??.??"]
[Round "?"]
[White "Manouck, Thierry"]
[Black "Bouton, Christophe"]
[Result "1-0"]
[WhiteElo "2235"]
[BlackElo "2190"]
[PlyCount "85"]
[EventDate "1996.??.??"]
[Source "ChessBase"]

1. c4 Nf6 2. g3 c5 3. Bg2 d5 4. cxd5 Nxd5 5. Nc3 Nxc3 6. bxc3 g6 7. Rb1 Nd7 8.
c4 Bg7 9. Nf3 O-O 10. O-O Nb6 11. d3 Bd7 12. Bd2 Bc6 13. Ba5 Qd7 14. Qb3 Nc8
15. Bc3 Bxc3 16. Qxc3 f6 17. Rfd1 Nd6 18. Ne1 Bxg2 19. Nxg2 Nf5 20. e3 b6 21.
Nf4 Rf7 22. d4 cxd4 23. exd4 Rc8 24. Rbc1 Nd6 25. c5 g5 26. Nd5 Kg7 27. Ne3 Nf5
28. c6 Qe6 29. d5 Qe4 30. Nxf5+ Qxf5 31. Qc4 Rc7 32. Re1 Rf8 33. g4 Qc8 34. Re6
Rf7 35. Rce1 Qh8 36. Kg2 h5 37. h3 Qh7 38. a4 f5 39. Qd4+ Kg8 40. Qe3 Qg7 41.
Qd3 hxg4 42. hxg4 fxg4 43. Rg6 1-0

[Event "FRA-chT"]
[Site "FRA"]
[Date "1996.??.??"]
[Round "?"]
[White "Marcantoni, Herve"]
[Black "Amalric, Yves"]
[Result "1-0"]
[WhiteElo "2255"]
[BlackElo "2195"]
[PlyCount "89"]
[EventDate "1996.??.??"]
[Source "ChessBase"]

1. e4 d5 2. exd5 Nf6 3. d4 Nxd5 4. Nf3 g6 5. Bc4 Bg7 6. O-O O-O 7. Re1 Nc6 8.
c3 Bg4 9. Be2 Qd6 10. h3 Bf5 11. Na3 Rad8 12. Nc4 Qd7 13. Bf1 h6 14. Nfe5 Nxe5
15. Nxe5 Qd6 16. Nc4 Qf6 17. Qf3 Kh7 18. a4 Bc8 19. Qxf6 Bxf6 20. g3 Be6 21. a5
Rc8 22. Ne3 c5 23. Nxd5 Bxd5 24. dxc5 a6 25. Be3 e6 26. Bg2 Bxg2 27. Kxg2 Kg7
28. Rad1 Rfd8 29. Kf3 h5 30. h4 Be7 31. Ke2 Kf8 32. Rxd8+ Bxd8 33. b4 Ke8 34.
Rd1 Bf6 35. Bd4 Be7 36. Be5 Bd8 37. f4 f6 38. Bd6 Rc6 39. Ke3 Rc8 40. Ke4 Rc6
41. Kf3 Bc7 42. c4 Bd8 43. b5 Rc8 44. c6 b6 45. c5 1-0

[Event "FRA-chT"]
[Site "FRA"]
[Date "1996.??.??"]
[Round "?"]
[White "Marcantoni, Herve"]
[Black "Eliet, Renaud"]
[Result "1/2-1/2"]
[WhiteElo "2255"]
[BlackElo "2165"]
[PlyCount "50"]
[EventDate "1996.??.??"]
[Source "ChessBase"]

1. e4 c6 2. d4 d5 3. Nc3 dxe4 4. Nxe4 Nf6 5. Nxf6+ gxf6 6. c3 Bf5 7. Nf3 e6 8.
g3 Nd7 9. Bg2 Be4 10. O-O Be7 11. Re1 f5 12. Bf4 Rg8 13. Qb3 Qb6 14. Nd2 Bxg2
15. Kxg2 Nf6 16. Nc4 Qxb3 17. axb3 Nd5 18. Bd2 a6 19. Na5 O-O-O 20. Nc4 Bf6 21.
Ne5 Bxe5 22. Rxe5 Nc7 23. Re2 Nd5 24. Ree1 Rg6 25. Rad1 h5 1/2-1/2

[Event "FRA-chT"]
[Site "FRA"]
[Date "1996.??.??"]
[Round "?"]
[White "Marcantoni, Herve"]
[Black "Ribreau, Herve"]
[Result "0-1"]
[WhiteElo "2255"]
[BlackElo "2180"]
[PlyCount "70"]
[EventDate "1996.??.??"]
[Source "ChessBase"]

1. e4 e5 2. Nf3 Nc6 3. Bb5 a6 4. Ba4 Nf6 5. O-O b5 6. Bb3 Bb7 7. Re1 Bc5 8. c3
d6 9. d4 Bb6 10. Bg5 h6 11. Bh4 g5 12. Bg3 O-O 13. a4 Re8 14. Qd2 Na5 15. Bc2
Nh5 16. Na3 f5 17. exf5 e4 18. Nh4 Nxg3 19. hxg3 Qf6 20. b4 Nc4 21. Nxc4 bxc4
22. f3 gxh4 23. fxe4 a5 24. b5 Re7 25. Re3 Kh8 26. gxh4 Rg8 27. Kh2 Rg4 28. g3
Bxe4 29. Qe2 Qxf5 30. Rf1 Qe6 31. Rf6 Qxf6 32. Bxe4 Rg8 33. Rf3 Qg7 34. Qc2
Rge8 35. Re3 d5 0-1

[Event "FRA-chT"]
[Site "FRA"]
[Date "1996.??.??"]
[Round "?"]
[White "Marcantoni, Herve"]
[Black "Roos, Jean Luc"]
[Result "1/2-1/2"]
[WhiteElo "2255"]
[BlackElo "2325"]
[PlyCount "111"]
[EventDate "1996.??.??"]
[Source "ChessBase"]

1. e4 e6 2. d4 d5 3. Nc3 Bb4 4. e5 c5 5. a3 Bxc3+ 6. bxc3 Qa5 7. Bd2 cxd4 8.
cxd4 Qa4 9. Qg4 Ne7 10. Bd3 h5 11. Qf4 Nbc6 12. Ne2 Nf5 13. O-O Ncxd4 14. Ng3
Bd7 15. Rab1 O-O-O 16. Rb4 g5 17. Qxg5 Rdg8 18. Qf6 Qc6 19. Bxf5 Nxf5 20. Nxf5
exf5 21. Qxc6+ Bxc6 22. h4 Rg4 23. Rxg4 fxg4 24. Be3 a6 25. Bd4 Rg8 26. g3 Kd7
27. Kg2 Bb5 28. Re1 Rc8 29. c3 Bd3 30. f3 Rg8 31. e6+ fxe6 32. f4 Be4+ 33. Kf2
Rc8 34. Re2 Rc4 35. Rb2 Kc7 36. Rb4 Rxb4 37. cxb4 Kc6 38. a4 Bc2 39. a5 Kb5 40.
Bc5 Kc4 41. Ke3 Kc3 42. Bb6 Bf5 43. Bc5 Be4 44. Bb6 Kc2 45. Ke2 Bf3+ 46. Ke3
Be4 47. Bd4 Kd1 48. f5 Bxf5 49. Be5 Kc2 50. Kd4 Kb3 51. Kc5 Be4 52. Bf6 Bf3 53.
Be5 Kc2 54. Kd4 Be4 55. Bf6 Bg2 56. Be5 1/2-1/2

[Event "FRA-chT"]
[Site "FRA"]
[Date "1996.??.??"]
[Round "?"]
[White "Marcelin, Cyril"]
[Black "Collas, Didier"]
[Result "1/2-1/2"]
[WhiteElo "2260"]
[BlackElo "2360"]
[PlyCount "110"]
[EventDate "1996.??.??"]
[Source "ChessBase"]

1. e4 c5 2. c3 d5 3. exd5 Qxd5 4. d4 Nf6 5. Nf3 Bg4 6. Be2 cxd4 7. cxd4 e6 8.
O-O Nc6 9. h3 Bh5 10. Nc3 Qa5 11. Be3 Nd5 12. Qb3 Qb4 13. Nxd5 Qxb3 14. axb3
exd5 15. g4 Bg6 16. Bb5 Bd6 17. Ne5 Bxe5 18. dxe5 a6 19. Bxc6+ bxc6 20. b4 h5
21. Kg2 Bd3 22. Rfe1 Kd7 23. Ra3 Bc4 24. f3 Ke6 25. Bd4 Rab8 26. Bc5 hxg4 27.
hxg4 Rh4 28. Rh1 Rxh1 29. Kxh1 Kxe5 30. Re3+ Kf4 31. Re7 Kxf3 32. Rxf7+ Kxg4
33. Rxg7+ Kf3 34. Rg2 Rb5 35. Rg6 Rxc5 36. bxc5 Bb5 37. Rd6 Ke3 38. Kg2 d4 39.
Re6+ Kd2 40. Kf2 Kc2 41. Rd6 d3 42. Ke3 Kxb2 43. Kd2 a5 44. Rd4 Kb3 45. Rh4 a4
46. Rh1 a3 47. Rb1+ Kc4 48. Ra1 Kb4 49. Rb1+ Kxc5 50. Kc3 a2 51. Rg1 Bc4 52.
Re1 Kb5 53. Rg1 Be6 54. Kxd3 Kb4 55. Kc2 Bb3+ 1/2-1/2

[Event "FRA-chT"]
[Site "FRA"]
[Date "1996.??.??"]
[Round "?"]
[White "Marcelin, Cyril"]
[Black "Eusebe, Aurelien"]
[Result "1/2-1/2"]
[WhiteElo "2260"]
[BlackElo "2145"]
[PlyCount "168"]
[EventDate "1996.??.??"]
[Source "ChessBase"]

1. e4 e5 2. Bc4 Nf6 3. d3 Be7 4. Nf3 c6 5. O-O Qc7 6. Re1 O-O 7. Bb3 d6 8. c3
Nbd7 9. Nbd2 b5 10. Nf1 a5 11. Ng3 Nc5 12. Bc2 Re8 13. d4 Ne6 14. Be3 Bf8 15.
h3 Bb7 16. Ng5 a4 17. Qd2 Rad8 18. Rad1 Bc8 19. Nf3 g6 20. b3 axb3 21. axb3 Bg7
22. Qc1 Bb7 23. b4 Nd7 24. Bb3 Nb6 25. Rd2 Nc4 26. Bxc4 bxc4 27. Rdd1 exd4 28.
Nxd4 c5 29. Nxe6 fxe6 30. bxc5 dxc5 31. Qc2 Qe5 32. Bd2 Rd3 33. Re2 Red8 34.
Rf1 Qd6 35. Be1 Be5 36. f4 Bxf4 37. e5 Bxe5 38. Ne4 Bxe4 39. Rxe4 Bg7 40. Qe2
Re8 41. Rxc4 Qd5 42. Qf2 Rc8 43. Qf7+ Kh8 44. Rh4 Rf8 45. Qxg6 Rxf1+ 46. Kxf1
h6 47. Rg4 Qf5+ 48. Qxf5 exf5 49. Rc4 Rd5 50. Bf2 Bf8 51. Ke2 Kg7 52. Ra4 Kf7
53. Ra5 Ke6 54. c4 Re5+ 55. Kf3 Kd7 56. Ra7+ Ke6 57. Ra8 Kf7 58. Rc8 Be7 59.
Rc7 Kf8 60. Be3 h5 61. Rc6 Kf7 62. Rc7 Kf8 63. Bf2 Ke8 64. Rc8+ Kd7 65. Rh8 Re4
66. Rxh5 Ke6 67. g4 Rxc4 68. Rxf5 Rc3+ 69. Be3 c4 70. Ke4 Rc2 71. Rf2 Rc3 72.
Rf1 Ra3 73. g5 c3 74. g6 Bf6 75. Bc1 Ra4+ 76. Kd3 Rd4+ 77. Kc2 Re4 78. Rf2 Re1
79. Rg2 Bg7 80. h4 Rh1 81. Bg5 Kf5 82. Be7 Ra1 83. Kd3 c2 84. Rxc2 Kxg6 1/2-1/2

[Event "FRA-chT"]
[Site "FRA"]
[Date "1996.??.??"]
[Round "?"]
[White "Marcelin, Cyril"]
[Black "Marzolo, Cyril"]
[Result "0-1"]
[WhiteElo "2260"]
[BlackElo "2200"]
[PlyCount "64"]
[EventDate "1996.??.??"]
[Source "ChessBase"]

1. e4 e6 2. d4 d5 3. Nd2 Nf6 4. e5 Nfd7 5. Bd3 c5 6. c3 Nc6 7. Ne2 cxd4 8. cxd4
f6 9. exf6 Qxf6 10. Nf3 h6 11. O-O Bd6 12. Ng3 g5 13. Be3 Nf8 14. Ne1 Bd7 15.
Nh5 Qe7 16. Nc2 O-O-O 17. Rb1 Be8 18. f4 Bg6 19. Ng3 Qc7 20. Ne2 Bh5 21. g3
gxf4 22. Bxf4 Bxf4 23. Rxf4 Ng6 24. Bxg6 Bxg6 25. Rc1 Qe7 26. Qd2 Kb8 27. Ne3
h5 28. Ng2 Be4 29. h4 Rhg8 30. Nc3 e5 31. dxe5 Nxe5 32. Rcf1 Nf3+ 0-1

[Event "FRA-chT"]
[Site "FRA"]
[Date "1996.??.??"]
[Round "?"]
[White "Marcelin, Cyril"]
[Black "Nemety, Laslo"]
[Result "1-0"]
[WhiteElo "2260"]
[BlackElo "2170"]
[PlyCount "79"]
[EventDate "1996.??.??"]
[Source "ChessBase"]

1. e4 e6 2. d4 Ne7 3. Bd3 b6 4. c4 c5 5. d5 e5 6. Nc3 Ng6 7. Nge2 Be7 8. Be3
O-O 9. Qd2 Na6 10. O-O d6 11. Ng3 Nb4 12. Bb1 Nh4 13. Nf5 Bf6 14. a3 Na6 15. f3
Nc7 16. Bd3 Rb8 17. b4 Ne8 18. Rab1 Bxf5 19. exf5 g6 20. Ne4 Nxf5 21. Nxf6+
Nxf6 22. Bxf5 gxf5 23. Bh6 f4 24. Bxf8 Qxf8 25. bxc5 dxc5 26. a4 Ne8 27. a5 Nd6
28. Qe2 f6 29. axb6 axb6 30. Rb2 Qf7 31. Rfb1 b5 32. cxb5 Qxd5 33. Rd1 Qe6 34.
Rbd2 Rb6 35. Qd3 c4 36. Qxd6 Rxd6 37. Rxd6 Qf5 38. b6 e4 39. b7 Qc5+ 40. Kf1
1-0

[Event "FRA-chT"]
[Site "FRA"]
[Date "1996.??.??"]
[Round "?"]
[White "Marcelin, Cyril"]
[Black "Schabanel, Stephane"]
[Result "1/2-1/2"]
[WhiteElo "2260"]
[BlackElo "2230"]
[PlyCount "44"]
[EventDate "1996.??.??"]
[Source "ChessBase"]

1. e4 c5 2. c3 d6 3. d4 Nf6 4. f3 cxd4 5. cxd4 g6 6. Nc3 Bg7 7. Be3 O-O 8. Nge2
e5 9. d5 a6 10. Qd2 Nbd7 11. g4 h5 12. h3 Nh7 13. O-O-O h4 14. Kb1 b5 15. Nc1
Nb6 16. Qf2 Rb8 17. Nb3 b4 18. Bxb6 Rxb6 19. Ne2 Bh6 20. Nec1 f5 21. gxf5 gxf5
22. Bd3 Rb8 1/2-1/2

[Event "FRA-chT"]
[Site "FRA"]
[Date "1996.??.??"]
[Round "?"]
[White "Marciano, David"]
[Black "Berend, Fred"]
[Result "1/2-1/2"]
[WhiteElo "2480"]
[BlackElo "2425"]
[PlyCount "139"]
[EventDate "1996.??.??"]
[Source "ChessBase"]

1. e4 c5 2. Nf3 e6 3. d4 cxd4 4. Nxd4 Nc6 5. Nc3 a6 6. Be2 d6 7. O-O Nf6 8. Be3
Be7 9. f4 O-O 10. Qe1 Nxd4 11. Bxd4 b5 12. a3 Bb7 13. Qg3 g6 14. Bd3 Rc8 15.
Rae1 Nd7 16. Re2 e5 17. fxe5 dxe5 18. Bxe5 Nxe5 19. Qxe5 Bd6 20. Qf6 Qxf6 21.
Rxf6 Be5 22. Rf1 Bd4+ 23. Kh1 Bxc3 24. bxc3 Rxc3 25. Ra1 Rd8 26. e5 Bc8 27. a4
b4 28. Kg1 a5 29. Kf2 Be6 30. Rb1 Kf8 31. Rb2 Ke7 32. Re3 Rd5 33. Rb1 Ra3 34.
Be4 Rd2+ 35. Re2 Rxe2+ 36. Kxe2 Rxa4 37. Ke3 Kd7 38. Rd1+ Kc7 39. Rd6 Ra3+ 40.
Kd4 b3 41. cxb3 Rxb3 42. Rc6+ Kd8 43. Bd5 Bxd5 44. Kxd5 Rb2 45. g4 Rd2+ 46. Ke4
Rxh2 47. Ra6 Ra2 48. Ra7 Ke8 49. Kf4 h6 50. e6 g5+ 51. Ke5 Re2+ 52. Kf6 Rxe6+
53. Kg7 Rg6+ 54. Kh7 Kf8 55. Rxa5 Ke7 56. Rf5 Ke6 57. Rf1 Ke7 58. Rf5 Kf8 59.
Rd5 Re6 60. Rf5 Rd6 61. Ra5 Rf6 62. Ra8+ Ke7 63. Ra7+ Kd8 64. Kg7 Rf4 65. Rxf7
Rxg4 66. Kxh6 Rg1 67. Kh5 g4 68. Kh4 g3 69. Kh3 g2 70. Rf2 1/2-1/2

[Event "FRA-chT"]
[Site "FRA"]
[Date "1996.??.??"]
[Round "?"]
[White "Marciano, David"]
[Black "Lepelletier, Benoit"]
[Result "0-1"]
[WhiteElo "2480"]
[BlackElo "2460"]
[PlyCount "44"]
[EventDate "1996.??.??"]
[Source "ChessBase"]

1. e4 c5 2. c3 Nf6 3. e5 Nd5 4. Nf3 e6 5. g3 Nc6 6. Bg2 Qc7 7. Qe2 d6 8. exd6
Bxd6 9. Na3 Be7 10. d4 cxd4 11. Nb5 Qa5 12. Nfxd4 Nxd4 13. Nxd4 Nxc3 14. bxc3
Qxc3+ 15. Qd2 Qxa1 16. O-O Bf6 17. Bb2 Qxa2 18. Qb4 a5 19. Qb5+ Bd7 20. Qxb7
Rc8 21. Bc6 O-O 22. Ba1 Bxd4 0-1

[Event "FRA-chT"]
[Site "FRA"]
[Date "1996.??.??"]
[Round "?"]
[White "Marciano, David"]
[Black "Spiridonov, Nikola"]
[Result "1-0"]
[WhiteElo "2480"]
[BlackElo "2405"]
[PlyCount "53"]
[EventDate "1996.??.??"]
[Source "ChessBase"]

1. e4 c5 2. Nf3 Nc6 3. d4 cxd4 4. Nxd4 g6 5. c4 Nf6 6. Nc3 d6 7. Be2 Nxd4 8.
Qxd4 Bg7 9. Bg5 O-O 10. Qd2 Be6 11. Rc1 Qa5 12. f3 Rfc8 13. b3 a6 14. Na4 Qd8
15. O-O Bd7 16. Nc3 b5 17. Rfd1 b4 18. Bxf6 exf6 19. Nd5 a5 20. Qe3 Rc5 21. Rc2
Be6 22. Rcd2 Bf8 23. Nxb4 Qb6 24. Nd3 Bh6 25. Qxh6 Rg5+ 26. Kh1 Qc7 27. f4 1-0

[Event "FRA-chT"]
[Site "FRA"]
[Date "1996.??.??"]
[Round "?"]
[White "Martin, J."]
[Black "Bleunven, Andre"]
[Result "1/2-1/2"]
[WhiteElo "2220"]
[BlackElo "2240"]
[PlyCount "44"]
[EventDate "1996.??.??"]
[Source "ChessBase"]

1. e4 c5 2. Nf3 Nc6 3. d4 cxd4 4. Nxd4 e5 5. Nb5 d6 6. N1c3 a6 7. Na3 b5 8. Nd5
Nge7 9. Bg5 h6 10. Bh4 Be6 11. c3 Rb8 12. Nc2 Qd7 13. Nce3 Ng6 14. Bg3 Be7 15.
Be2 Bg5 16. O-O Bxe3 17. Nxe3 O-O 18. Qd2 Rfd8 19. Rfd1 Na5 20. b3 Nc6 21. c4
Nd4 22. cxb5 axb5 1/2-1/2

[Event "FRA-chT"]
[Site "FRA"]
[Date "1996.??.??"]
[Round "?"]
[White "Martin, J."]
[Black "Guidez, Yann Michel"]
[Result "1/2-1/2"]
[WhiteElo "2220"]
[BlackElo "2235"]
[PlyCount "77"]
[EventDate "1996.??.??"]
[Source "ChessBase"]

1. e4 c5 2. Nf3 g6 3. d4 cxd4 4. Nxd4 Bg7 5. Be3 Nc6 6. Nc3 d6 7. Be2 Nf6 8. h3
O-O 9. O-O d5 10. exd5 Nxd5 11. Nxd5 Nxd4 12. Bxd4 Qxd5 13. Bxg7 Qxd1 14. Raxd1
Kxg7 15. Rd2 Be6 16. Rfd1 Rac8 17. Bf3 Rc7 18. a3 b6 19. c3 Bb3 20. Re1 Kf6 21.
Rd4 e5 22. Rb4 Bc4 23. Be2 Rfc8 24. Kf1 h5 25. Rd1 Ke7 26. Bxc4 Rxc4 27. Rb5
R4c5 28. Rb4 R8c6 29. Re4 f5 30. Re2 Rd6 31. Red2 Rxd2 32. Rxd2 Ke6 33. Rd8 Rd5
34. Rg8 Kf7 35. Rb8 Rd7 36. Ke2 Ke6 37. Rg8 Kf7 38. Rc8 Ke6 39. Rg8 1/2-1/2

[Event "FRA-chT"]
[Site "FRA"]
[Date "1996.??.??"]
[Round "?"]
[White "Martin, J."]
[Black "Lopez, Jorge"]
[Result "0-1"]
[WhiteElo "2220"]
[BlackElo "2205"]
[PlyCount "80"]
[EventDate "1996.??.??"]
[Source "ChessBase"]

1. e4 c5 2. Nf3 e6 3. d4 cxd4 4. Nxd4 Nf6 5. Nc3 d6 6. Be3 Be7 7. f3 a6 8. Qd2
Qc7 9. O-O-O Nc6 10. g4 b5 11. Nxc6 Qxc6 12. Bf4 b4 13. Ne2 e5 14. Bg5 Qa4 15.
Kb1 Be6 16. Nc1 Rc8 17. Be2 O-O 18. h4 Qc6 19. Bd3 a5 20. h5 g6 21. Qh2 Nxg4
22. Qh4 Bxg5 23. Qxg5 Nf2 24. Qf6 Rfe8 25. hxg6 fxg6 26. Rdg1 Nxh1 27. Rxh1 Qd7
28. f4 Qe7 29. fxe5 Qxf6 30. exf6 Rf8 31. Rf1 Rc7 32. Ne2 Rcf7 33. Nd4 Rxf6 34.
Re1 Bd7 35. Bc4+ Kg7 36. Kc1 h5 37. Kd2 Rf2+ 38. Kd3 h4 39. Rg1 Kh6 40. Bd5 h3
0-1

[Event "FRA-chT"]
[Site "FRA"]
[Date "1996.??.??"]
[Round "?"]
[White "Martin, J."]
[Black "Schabanel, Stephane"]
[Result "0-1"]
[WhiteElo "2220"]
[BlackElo "2230"]
[PlyCount "77"]
[EventDate "1996.??.??"]
[Source "ChessBase"]

1. e4 c5 2. Nf3 d6 3. d4 cxd4 4. Qxd4 a6 5. c4 Nc6 6. Qd2 g6 7. Nc3 Bh6 8. Qd1
Bg7 9. Be3 Nf6 10. h3 O-O 11. Be2 Bd7 12. O-O Rb8 13. Nd4 Re8 14. Qd2 Nxd4 15.
Bxd4 Bc6 16. Qe3 Nd7 17. Bxg7 Kxg7 18. b4 b6 19. Rfd1 Qc7 20. Rac1 Ra8 21. f4
a5 22. a3 Qa7 23. b5 Bb7 24. e5 Rad8 25. exd6 exd6 26. Qd4+ Kg8 27. Qxd6 Qa8
28. Bf1 Re6 29. Qc7 Qc8 30. Qxc8 Bxc8 31. Nd5 Rf8 32. Re1 Bb7 33. Nc7 Rf6 34.
g3 g5 35. Ne8 Re6 36. Rxe6 fxe6 37. Nd6 Ba8 38. Re1 gxf4 39. gxf4 0-1